| 000 | 01002nam a22002297a 4500 | ||
|---|---|---|---|
| 003 | NALT | ||
| 005 | 20211119143755.0 | ||
| 008 | s2547 th tha d | ||
| 020 | _a9741766696 | ||
| 040 | _aNALT | ||
| 041 | _atha | ||
| 090 |
_aKM 25 _bช149ก 2547 |
||
| 100 | 0 |
_aชนาธิป ชินะนาวิน _954906 |
|
| 245 | 1 | 0 |
_aการระงับข้อพิพาทแรงงานโดยอนุญาโตตุลาการ / _cชนาธิป ชินะนาวิน |
| 260 | 3 |
_aกรุงเทพฯ : _bจุฬาลงกรณ์มหาวิทยาลัย, _c2547 |
|
| 300 |
_a245 หน้า ; _c30 ซม. |
||
| 650 | 0 | 4 | _aอนุญาโตตุลาการ -- ด้านแรงงาน -- วิจัย |
| 650 | 0 | 4 | _aแรงงาน -- การระงับข้อพิพาท -- วิจัย |
| 650 | 0 | 4 | _aข้อพิพาทแรงงาน |
| 850 | _aNALT | ||
| 942 |
_cRSH _2lcc |
||
| 999 |
_c43925 _d43925 |
||
| 998 |
_j109 _k อารีรัตน์ วิชาช่าง |
||